| 000 | 01172cam a22001814a 4500 | ||
|---|---|---|---|
| 005 | 20250605164356.0 | ||
| 008 | 250528s ||||||||||||||||||||||||d | ||
| 035 | _a24317 | ||
| 040 |
_aGR-AtMCL _bgre _dGR-AtMCL _eAACR2 |
||
| 245 | 1 | _aΤο Νέο Διοικητικό Συμβούλιο του Ε.Β.Ε.Α. | |
| 260 |
_bΕμπορικό Και Βιομηχανικό Επιμελητήριο Αθηνών, _c2017 |
||
| 300 | _a64 | ||
| 520 | _aΗ Διατηρίσιμη Ανάπτυξη Στοίχημα για την 'Καθαρή Έξοδο', Η Σημασία του Προϋπολογισμού του 2018, Η Έκθεση του Διεθνούς Οργανισμού Ενέργειας για την Ελλάδα, 'Οξυγόνο΄στην Οικονομία, Βελτιώνεται το Κλίμα στις Εξαγωγές, Αργές Ταχύτητες στα Νέα Ι.Χ. - Φρένο στα Δίκυκλα, Αναβαθμίζει Σταδιακά ο Ο.Σ.Ε. τις Υπηρεσίες του προς τις Επιχειρήσεις. | ||
| 700 | 1 |
_aΜίχαλος Κωνσταντίνος _94319 |
|
| 942 | _cCR | ||
| 999 |
_c9206 _d9206 |
||